| 000 | 00463nam a2200145Ia 4500 | ||
|---|---|---|---|
| 008 | 170224s9999 xx 000 0 und d | ||
| 100 | _aJeffrey A. Beck | ||
| 245 | 4 | _aThe Ethical Judgment of Private Club Senior Executives | |
| 245 | _cJeffrey A. Beck, SeungHyun Kim & Raymond Schmidgall | ||
| 260 | _bInternational Journal of Hospitality & Tourism Administration | ||
| 260 | _c2016 | ||
| 300 | _a17:1, Pages: 27-42 | ||
| 500 | _a2016 | ||
| 650 | _xTourism. | ||
| 999 |
_c315629 _d315629 |
||